000 00520nam a22001937a 4500
999 _c5542
_d5542
003 GBCCL
005 20241126110544.0
008 180327b ||||| |||| 00| 0 eng d
020 _a0862012996
040 _cgbc
082 _a220.7
_bBIB
100 _aMillard, Alan
_910006
245 _a1 Kings - 2 Chronicles /
_cAlan Millard
260 _bScripture Union,
_aLondon:
_c1985
300 _a126 p.;
_c21 cm.
440 _aBible Study Commentary
_97334
650 _aBible
_v1 Kings
_x2 Chronicles
_910007
942 _2ddc
_cBK